000 00765nas a2200241 4500
001 BR2012001072
003 BR-BrBNA
005 20231205120223.0
007 ta
008 230509b bl.|||p| |||| 00| 00por d
040 _aBR-BrBNA
_bpor
_cBiblioteca Nacional de Agricultura
041 _a(En)
072 _aF60; K10
100 1 _aPereira, F.J.
100 1 _aPolo, M.
245 1 _aGrowth and ion accumulation in seedlings of Handroanthus serratifolius (Vahl.)cultivated in saline solution
650 _aESPÉCIE NATIVA
650 _aSALINIDADE
650 _aREFLORESTAMENTO
773 0 _tScientia Forestalis (Brazil)
_xISSN 1413-9324
_g(Dec 2011), v. 39(92) p. 441-446
_wBR2012001072
909 _a202311
_bLúcia
_c55
_dLúcia Elande
942 _2AGRIS
_n0
_cANA
999 _c217498
_d217498